Szent-Györgyi professzor előadása Zürichben [rövid hír]
Elmentve itt :
| Dokumentumtípus: | Cikk |
|---|---|
| Megjelent: |
1938-08-19
|
| Sorozat: | Délmagyarország
14 No. 176 |
| Kulcsszavak: | Szent-Györgyi Albert, Külföldi tanulmányút |
| Online Access: | http://dmarchiv.bibl.u-szeged.hu/33166 |
| LEADER | 00468nab a2200145 i 4500 | ||
|---|---|---|---|
| 001 | delm33166 | ||
| 005 | 20180927105626.0 | ||
| 008 | 180927s1938 hu o 0|| hun d | ||
| 040 | |a SZTE Délmagyarország Archívum |b hun | ||
| 041 | |a hun | ||
| 245 | 0 | 0 | |a Szent-Györgyi professzor előadása Zürichben |h [elektronikus dokumentum] : |b [rövid hír] |
| 260 | |c 1938-08-19 | ||
| 300 | |a 5 | ||
| 490 | 0 | |a Délmagyarország |v 14 No. 176 | |
| 695 | |a Szent-Györgyi Albert, Külföldi tanulmányút | ||